[Event "Budha Bhandari Memorial"]
[Site "Budhanilkantha"]
[Date "2019.11.14"]
[Round "9"]
[White "Maharjan, Raju"]
[Black "Prushotman, Vissnupriya"]
[Result "0-1"]
[WhiteElo "1416"]
[BlackElo "1134"]
[PlyCount "89"]
[EventDate "2019.11.09"]
[EventType "swiss"]
[EventRounds "9"]
[EventCountry "NEP"]
[SourceTitle "CBM 193 Extra"]
[Source "ChessBase"]
[SourceDate "2020.01.31"]
[SourceVersion "1"]
[SourceVersionDate "2020.01.31"]
[SourceQuality "1"]

1. e4 e5 2. Nf3 Nc6 3. d4 exd4 4. Nxd4 Nxd4 5. Qxd4 d6 6. Bc4 Nf6 7. 0-0 Be7 8. Kh1 0-0 9. Bd3 Bd7 10. Qe3 Ng4 11. Qe1 Ne5 12. f4 Nxd3 13. cxd3 Bc6 14. Nc3 Bh4 15. g3 Bf6 16. g4 Bxc3 17. bxc3 d5 18. Bb2 dxe4 19. dxe4 Re8 20. Rd1 Qe7 21. Rd4 Bxe4+ 22. Kg1 Bc6 23. Qg3 Qe3+ 24. Qxe3 Rxe3 25. Rfd1 Rae8 26. R4d2 Re1+ 27. Kf2 Rxd1 28. Rxd1 h6 29. Ba3 Bb5 30. Rd2 Kh7 31. h4 Re4 32. Kf3 Bc6 33. Bb2 Ra4+ 34. Ke3 Rxa2 35. Kd4 Ra5 36. Rh2 Rd5+ 37. Kc4 Rd7 38. Bc1 a6 39. Be3 Re7 40. Kd3 a5 41. Bd4 a4 42. Kc4 Re8 43. Kb4 Ra8 44. Rf2 a3 45. Ra2 0-1